NURSING ETHICS ACROSS THE CURRICULUM AND INTO PRACTICE (Record no. 200711)
[ view plain ]
| 000 -LEADER | |
|---|---|
| fixed length control field | 00268nam a2200097Ia 4500 |
| 050 ## - LIBRARY OF CONGRESS CALL NUMBER | |
| Classification number | RT 85 .B88 2008 |
| 100 ## - MAIN ENTRY--PERSONAL NAME | |
| Personal name | BUTTS JANIE B. |
| 245 #0 - TITLE STATEMENT | |
| Title | NURSING ETHICS ACROSS THE CURRICULUM AND INTO PRACTICE |
| 942 ## - ADDED ENTRY ELEMENTS (KOHA) | |
| Koha item type | Long Loan Book |
| Withdrawn status | Lost status | Source of classification or shelving scheme | Damaged status | Not for loan | Collection | Home library | Current library | Shelving location | Date acquired | Inventory number | Total checkouts | Full call number | Barcode | Date last seen | Copy number | Price effective from | Koha item type |
|---|---|---|---|---|---|---|---|---|---|---|---|---|---|---|---|---|---|
| Library of Congress Classification | Medicine | Kisii University Library | Kisii University Library | On Display | 09/15/2023 | 41250 | RT 85 .B88 2008 | 046776 | 09/15/2023 | C.17 | 09/15/2023 | Long Loan Book | |||||
| Library of Congress Classification | Medicine | Kisii University Library | Kisii University Library | On Display | 09/15/2023 | 41248 | RT 85 .B88 2008 | 46804 | 09/15/2023 | C.15 | 09/15/2023 | Long Loan Book | |||||
| Library of Congress Classification | Medicine | Kisii University Library | Kisii University Library | On Display | 11/16/2023 | 41249 | RT 85.5 .B88 2008 | 046805 | 11/16/2023 | C.16 | 11/16/2023 | Long Loan Book | |||||
| Library of Congress Classification | Medicine | Kisii University Library | Kisii University Library | On Display | 11/16/2023 | 41261 | RT 85 .B88 2008 | 046802 | 11/16/2023 | C.28 | 11/16/2023 | Long Loan Book | |||||
| Library of Congress Classification | Medicine | Kisii University Library | Kisii University Library | On Display | 11/16/2023 | 41261 | RT 85 .B88 2008 | 000000003020 | 11/16/2023 | C.24 | 11/16/2023 | Long Loan Book | |||||
| Library of Congress Classification | Medicine | Kisii University Library | Kisii University Library | On Display | 11/16/2023 | 41570 | RT 85 .B88 2008 | 50025 | 01/22/2026 | C.24 | 11/16/2023 | Long Loan Book | |||||
| Library of Congress Classification | Medicine | Kisii University Library | Kisii University Library | On Display | 11/16/2023 | 43005 | RT 85 .B88 2008 | 50041 | 01/22/2026 | C.75 | 11/16/2023 | Long Loan Book |